000 00672nam a2200193Ia 4500
003 GCL
008 140319s9999 xx 000 0 ara d
040 _aGCL /
_cGCL
082 0 4 _a350.5
_bع م
100 1 _aعبدالمنعم الصاوى
245 1 0 _aالمجلة الدوليةللعلوم الاجتماعية: هل يرتفع سن الاحالة الى المعاش ? /
_cعبدالمنعم الصاوى
300 _a95 ص
490 _aالهيئة العامة للاستعلامات
_v0
650 0 4 _aالتعليم
650 0 4 _aالعلوم الاجتماعية
650 0 4 _aالانثربولوجيا
650 0 4 _aالمعاشات
942 _2ddc
_cBK
999 _c50961
_d50961